00944nam a22002177a 4500999001700000003000900017008004100026020001800067040007100085082001800156100002900174245004900203260003200252300006100284505020600345650001900551650002100570942001600591945002100607952009800628 c17540d17540AR-CdUCM190508b ||||| |||| 00| 0 spa d a84-283-0854-3 aMUNICIPALIDAD PROVINCIAL DEL CUSCOcBIBLIOTECA MUNICIPAL DEL CUSCO a660.28 /bB22 aBañez, Manuel Reymundo aPracticas de Quimica :bOperador de planta / aMadrid :bParaninfo,c1976. a138 paginas ;bIlustraciones, graficos, dibujos,c24 cm. aContenido: Idea de la estructura de una planta industrial quimica -- Seguridad e higiene -- Sistemas de unidades de medida -- Transportes de solidos -- Almacenamiento de solidos -- Mezcla de solidos... aQuimica 94512 aSeguridad935745 2ddccLIBROS apjhad2019-05-08 002ddc4070aSCbSCcCARTd2019-05-08g25.00o660.28 / B22pSC0000001513r2019-05-08yLIBROS